LEADER 01216naa a2200241 u 4500 001 000000098272 003 CaOOAMICUS 005 20070226130154.0 008 050524s1984 it u000 u ita u 035 $a11046904 040 $aIAR$bita 100 1 $aMesseri, Marco.$0(OLS)http://pul/name/62062 245 13$aIl corpo singolo nella teoria fisica della materia di Spinoza ed in quella di Descartes /$cMarco Messeri. 260 $aPisa :$bScuola Normale,$c1984. 300 $aS. 771-795 ;$c25 cm 600 14$aSpinoza, Benedictus de,$d1632-1677.$0(OLS)http://pul/subject/4837 600 14$aDescartes, René,$d1596-1650.$0(OLS)http://pul/subject/2595 730 0 $aAnnali della Scuola normale superiore di Pisa, Classe di lettere e filosofia$g[Spogli].$0(OLS)http://pul/title/24292 773 0 $tAnnali della Scuola Normale Superiore di Pisa$gSerie III, vol. XIV,2 (1984). 773 0 $tAnnali della Scuola normale superiore di Pisa, Classe di lettere e filosofia$w()16982 960 $aCartesio,$d1596-1650$92595 996 $6245$aIl corpo singolo nella teoria fisica della materia di Spinoza ed in quella di Descartes$9(OLS)http://pul/title/125152 996 $6260$aPisa :$bScuola Normale$9(OLS)http://pul/publisher/79182 LEADER 01521nam a2200325 a 4500 001 000000127972 003 CaOOAMICUS 005 20120313114743.0 008 120313s2011 it u000 u ita r 020 $a978-88-215-7157-2 040 $aPUL$bita 041 1 $aita$aheb$hheb 082 04$a223.9 130 0 $aBiblia.$pV.T.$pCanticum canticorum.$lEbraico e italiano.$0(OLS)http://pul/title/161719 245 10$aCantico dei Cantici :$bintroduzione, traduzione e commento /$ca cura di Luca Mazzinghi. 260 $aCinisello Balsamo :$bSan Paolo,$c2011. 300 $a123 p. ;$c22 cm 490 1 $aNuova versione della Bibbia dai testi antichi ;$v22 546 $aTesto in ebraico con traduzione italiana, introduzione e commento in italiano. 630 04$aBiblia.$pV.T.$pCanticum canticorum$xCommenti.$0(OLS)http://pul/subject/6701 700 1 $aMazzinghi, Luca,$csac.,$d1960-$0(OLS)http://pul/name/22627 830 0$aNuova versione della Bibbia dai testi antichi ;$v22.$0(OLS)http://pul/title/156526 850 $aPUL 852 $aPUL$W1$xSL Religione 3$y85$m223. 9 MAZLU 1$j148132$qDDC 21$B146724$CPULBib$Z2$F146724 $H118901 $82 941 1 $a9 996 $6020$a978-88-215-7157-2$9(OLS)http://pul/number/149174 996 $6082$a223.9$9(OLS)http://pul/classification/440 996 $6245$aCantico dei Cantici :$bintroduzione, traduzione e commento$9(OLS)http://pul/title/161720 996 $6260$aCinisello Balsamo :$bSan Paolo$9(OLS)http://pul/publisher/54577